| 000 | 01384cam a2200373 i 4500 | ||
|---|---|---|---|
| 999 |
_c200429466 _d47390 |
||
| 001 | 200429466 | ||
| 003 | TR-AnTOB | ||
| 005 | 20240916172425.0 | ||
| 007 | ta | ||
| 008 | 080131s2007 tu a b 000 0atur d | ||
| 020 | _a9789756480663 | ||
| 040 |
_aOSU _beng _erda _cOSU _dDLC _dTR-AnTOB |
||
| 041 | 0 | _atur | |
| 050 | 0 | 0 | _aD568.3 |
| 090 |
_aD568.3 _b.A3 2007 |
||
| 100 | 1 |
_aÂdil, Selahattin, _cPaşa, _d1882-1961 _9119718 |
|
| 245 | 1 | 0 |
_aÇanakkale cephesinden mektuplar-hatıralar / _cSelahaddin Adil Paşa. |
| 250 |
_a1. Baskı _bŞubat 2007 |
||
| 264 | 1 |
_aİstanbul : _bYeditepe Yayınevi, _c2007. |
|
| 300 |
_a192 pages : _billustrations ; _c21 cm. |
||
| 336 |
_atext _2rdacontent |
||
| 337 |
_aunmediated _2rdamedia |
||
| 338 |
_ardacarrier _2volume |
||
| 490 | 0 |
_aYeditepe Yayınevi ; _v56 _aHatıra ; _v5 |
|
| 590 | _aDonated by Levent Kuşoğlu | ||
| 650 | 7 |
_aDünya Savaşı, 1914-1918 _xSeferler _zTürkiye _zGelibolu Yarımadası _2etuturkob _968825 |
|
| 650 | 7 |
_aDünya Savaşı, 1914-1918 _vKişisel anlatılar, Türkçe _2etuturkob _955615 |
|
| 650 | 0 |
_aWorld War, 1914-1918 _vPersonal narratives, Turkish _947388 |
|
| 650 | 0 |
_aWorld War, 1914-1918 _xCampaigns _zTurkey _zGallipoli Peninsula _97181 |
|
| 651 | 0 |
_aÇanakkale İli (Türkiye) _xTarih _948823 |
|
| 651 | 0 |
_aÇanakkale İli (Turkey) _xHistory _948822 |
|
| 942 |
_2lcc _cBK |
||